[Event "Getxo op 4th"]
[Site "Getxo"]
[Date "2019.09.12"]
[Round "6"]
[White "Galarza Docampo, Karmel"]
[Black "Bilbao Andres, Unai"]
[Result "1-0"]
[WhiteElo "1899"]
[BlackElo "1070"]
[PlyCount "85"]
[EventDate "2019.09.08"]
[EventType "swiss"]
[EventRounds "9"]
[EventCountry "ESP"]
[SourceTitle "EXT 2020"]
[Source "ChessBase"]
[SourceDate "2019.10.17"]
[SourceVersion "1"]
[SourceVersionDate "2019.10.17"]
[SourceQuality "1"]

1. d4 Nf6 2. c4 e5 3. dxe5 Ng4 4. Bf4 Nc6 5. Nf3 Bb4+ 6. Nbd2 Qe7 7. a3 Ncxe5 8. Nxe5 Nxe5 9. e3 Bd6 10. Bg3 Ng6 11. Be2 Bxg3 12. hxg3 0-0 13. Qc2 d6 14. Bf3 h6 15. 0-0 Ne5 16. Be2 Bg4 17. Nf3 Bxf3 18. gxf3 f5 19. f4 Nd7 20. Bf3 Rab8 21. b4 g5 22. fxg5 Qxg5 23. Bg2 Qg4 24. c5 dxc5 25. bxc5 h5 26. Rfd1 f4 27. exf4 h4 28. Qb3+ Kh8 29. Kh2 hxg3+ 30. Qxg3 Qh5+ 31. Bh3 Nf6 32. Rg1 Rg8 33. Qc3 Rbf8 34. Rxg8+ Kxg8 35. Rg1+ Kh7 36. Qd3+ Kh6 37. Rg5 Qf7 38. Rf5 Qg6 39. Qd4 Ng4+ 40. Bxg4 Rxf5 41. Qh8+ Qh7 42. Qxh7+ Kxh7 43. Bxf5+ 1-0

[Event "Getxo op 4th"]
[Site "Getxo"]
[Date "2019.09.09"]
[Round "3"]
[White "Caballero Acosta, Erlantz"]
[Black "Bilbao Andres, Unai"]
[Result "1-0"]
[WhiteElo "1800"]
[BlackElo "1070"]
[PlyCount "51"]
[EventDate "2019.09.08"]
[EventType "swiss"]
[EventRounds "9"]
[EventCountry "ESP"]
[SourceTitle "EXT 2020"]
[Source "ChessBase"]
[SourceDate "2019.10.17"]
[SourceVersion "1"]
[SourceVersionDate "2019.10.17"]
[SourceQuality "1"]

1. e4 c5 2. Nc3 Nc6 3. Nf3 d6 4. Bb5 Bd7 5. 0-0 Nf6 6. d3 g6 7. h3 Bg7 8. Nh2 h5 9. Qe1 0-0 10. f4 Nd4 11. Bxd7 Qxd7 12. Qf2 Kh7 13. Nf3 Ng8 14. Be3 Nxf3+ 15. Qxf3 Bxc3 16. bxc3 Nh6 17. f5 e5 18. Rab1 Rab8 19. d4 cxd4 20. cxd4 exd4 21. Bxd4 Qa4 22. c3 d5 23. fxg6+ fxg6 24. Qxf8 Rxf8 25. Rxf8 g5 26. Rxb7+ 1-0